000
00235 a2200109 4500
020
_a
9789332581180
100
_a
Richard I. Levin
245
_a
Statistics for management
250
_a
8th ed.
260
_b
Pearson
_c
2025
942
_c
OO
999
_c
115235
_d
115234